|
|
|
|
| LEADER |
00000ny a22000003n 4500 |
| 005 |
20110616140755.0 |
| 008 |
091116s2009 sp a 00 0 spa | |
| 020 |
|
|
|a 9788476988701
|
| 035 |
|
|
|a 4943
|
| 040 |
|
|
|a UGR
|d vLex
|
| 080 |
|
|
|a 343.95
|
| 090 |
|
|
|c 784
|d 784
|
| 100 |
1 |
|
|a Tiffon Nonis, Bernat-Noèel
|d 1972-
|
| 245 |
1 |
0 |
|a Manual de actuacin̤ profesional en psicopatologa̕ cln̕ica, criminal y forense
|h [Recurso electrn̤ico]
|b una dimensin̤ jurd̕ico-legal /
|c Bernat-Noèel Tiffon Nonis
|
| 256 |
|
|
|a Servicio en ln̕ea
|
| 260 |
|
|
|a Barcelona :
|b Bosch Editor,
|c 2009
|
| 300 |
|
|
|a p. ;
|c cm.
|
| 490 |
1 |
|
|a Penal
|
| 506 |
1 |
|
|a Contenido solo disponible en los productos indicados
|d vLex Global
|d vLex Global (Academic Edition, excluding Law Schools)
|d vLex Global (U.S. Academic Edition, Law Schools)
|d vLex Global (U.S. Academic Edition, excluding Law Schools)
|d vLex Global (Academic Edition, Law Schools)
|
| 650 |
0 |
4 |
|a Psicologa̕ legal
|
| 650 |
0 |
4 |
|a Psicopatologa̕
|
| 740 |
0 |
|
|a vLex Libros (Servicios en ln̕ea)
|
| 830 |
|
0 |
|a Penal (Bosch)
|
| 856 |
4 |
0 |
|u http://vlex.com/source/4943
|z Acceso restringido
|
| 942 |
|
|
|c BOOK
|
| 999 |
|
4 |
|a Forensic psychology
|b Barcelona
|
| 999 |
|
4 |
|a Psicopatologa̕.
|